Bundesland in Bildern - Saarland - Statistiken

Allgemein
  • Dieses Quiz wurde 50 mal gespielt
  • Das Durchschnittsergebnis liegt bei 7 aus 16
Antwortstatistiken
Bildquiz Antwort % Korrekt
Saar
98%
1. FC Saarbrücken
86%
Stahlindustrie
74%
Saarschleife
71%
Erich Honecker
60%
Völklinger Hütte
60%
Borussia Neunkirchen
40%
Ludwigskirche
40%
Bostalsee
36%
Villa Borg
21%
Saar-Franken
19%
Deutsch-Französischer Garten
14%
Gefillde
14%
Gollenstein
14%
Hunsrück
5%
Saarstaat
2%
Keine übereinstimmenden Quizze gefunden
Verteilung der Resultate
Anzahl Personen mit jedem Resultat
Perzentil nach korrekt beantworteten Fragen
Ihre Resultats-Entwicklung
Sie haben dieses Quiz noch nicht gespielt